Jesuit Missions in Coastal and South India (1543-1573) : Between Mission and Empire /
Jesuit missions in coastal and South India were among the first foundations of the Society of Jesus in the world. They represented models of apostolic action imitated, debated and reformulated in other geographical locations worldwide. This book traces the history of the Jesuit missionary beginning...
المؤلف الرئيسي:
التنسيق: كتاب الكتروني
اللغة: English
منشور في:
Leiden ; Boston :
Brill,
2025.
سلاسل:
Early Modern History and Modern History E-Books Online, Collection 2025.
الموضوعات:
الوصول للمادة أونلاين: Login to view Source
الوسوم: إضافة وسم
رقم الطلب: D410
| LEADER | 02327nam a22004578i 4500 | ||
|---|---|---|---|
| 001 | BRILL9789004727397 | ||
| 003 | nllekb | ||
| 005 | 20250416201610.0 | ||
| 006 | m d | ||
| 007 | cr un uuuua | ||
| 008 | 250121s2025 gw sb 001 0 eng d | ||
| 020 | |a 9789004727397 |q (electronic book) | ||
| 020 | |z 9789004727021 |q (print) | ||
| 024 | 7 | |a 10.1163/9789004727397 |2 DOI | |
| 035 | |z (OCoLC)1483640404 | ||
| 040 | |a NL-LeKB |c NL-LeKB |e rda | ||
| 041 | |a eng | ||
| 050 | 4 | |a D410 | |
| 072 | 7 | |a HBTQ |2 bicssc | |
| 072 | 7 | |a POL |x 042000 |2 bisacsh | |
| 072 | 7 | |a POL |x 045000 |2 bisacsh | |
| 082 | 0 | 4 | |a 910.82 |2 23 |
| 100 | 1 | |a Županov, Ines G., |e author. | |
| 245 | 1 | 0 | |a Jesuit Missions in Coastal and South India (1543-1573) : |b Between Mission and Empire / |c Ines G. Županov. |
| 246 | 3 | |a Between Mission and Empire | |
| 264 | 1 | |a Leiden ; |a Boston : |b Brill, |c 2025. | |
| 264 | 4 | |c ©2025 | |
| 336 | |a text |b txt |2 rdacontent | ||
| 337 | |a computer |b c |2 rdamedia | ||
| 338 | |a online resource |2 rdacarrier | ||
| 490 | 1 | |a Early Modern History and Modern History E-Books Online, Collection 2025 | |
| 504 | |a Includes bibliographical references and index. | ||
| 520 | |a Jesuit missions in coastal and South India were among the first foundations of the Society of Jesus in the world. They represented models of apostolic action imitated, debated and reformulated in other geographical locations worldwide. This book traces the history of the Jesuit missionary beginning and end in the early modern period, and how they navigated, between European colonial maneuvers, and local conversion to Christianity through proselytizing and accommodation. Jesuit missionary efforts were pragmatically divided between disciplining Portuguese and later on French colonial communities, and attracting converts living among regional polities under Muslim and Hindu rulers. | ||
| 546 | |a English | ||
| 588 | |a Description based on print version record. | ||
| 650 | 0 | |a History. | |
| 776 | 0 | 8 | |i Print version: |t Jesuit Missions in Coastal and South India (1543-1573) : Between Mission and Empire. |d Leiden ; Boston : Brill, 2025. |z 9789004727021 |
| 830 | 0 | |a Early Modern History and Modern History E-Books Online, Collection 2025. | |
| 856 | 4 | |z DOI: |u http://dx.doi.org/10.1163/9789004727397 | |
| 942 | |2 lcc |c EBOOK | ||
| 999 | |c 60775 |d 60775 | ||
